Pokémon Moves- Bug Type - Statistics

General Stats
  • This quiz has been taken 266 times
  • The average score is 25 of 34
Answer Stats
Hint Answer % Correct
IV Bug Buzz
95%
I String Shot
93%
IV Bug Bite
92%
II Megahorn
85%
I Twineedle
85%
VI Sticky Web
84%
IV X-Scissor
84%
IV U-Turn
81%
IV Attack Order
79%
VII Lunge
78%
V Struggle Bug
78%
VI Infestation
77%
VII First Impression
76%
IV Heal Order
76%
I Leech Life
76%
IV Defend Order
75%
V Quiver Dance
75%
II Spider Web
75%
I Pin Missile
74%
VIII Max Flutterby
73%
III Signal Beam
73%
VII Pollen Puff
72%
III Tail Glow
72%
VII Savage Spin-Out
68%
V Rage Powder
66%
IX Silk Trap
66%
IX Pounce
65%
II Fury Cutter
64%
V Steamroller
64%
VI Fell Stinger
63%
III Silver Wind
62%
VI Powder
61%
VIII Skitter Smack
61%
VIII G-Max Befuddle
60%
No matching quizzes found
Score Distribution
Percent of People with Each Score
Percentile by Number Answered
Your Score History
You have not taken this quiz